Name all Smash Ultimate Major winners - Statistics

General Stats
  • This quiz has been taken 163 times
    155 since last reset
  • The average score is 191 of 219
Answer Stats
Tournament Year Country Answer % Correct
GENESIS 6 2019 USA MkLeo
99%
Smash Ultimate Summit 2019 USA MkLeo
99%
MomoCon 2019 2019 USA MkLeo
99%
Smash 'N' Splash 5 2019 USA MkLeo
99%
CEO 2019 2019 USA MkLeo
99%
EVO 2019 2019 USA MkLeo
99%
Super Smash Con 2019 2019 USA MkLeo
99%
Ultimate Fighting Arena 2019 2019 France MkLeo
99%
Smash Ultimate Summit 2 2019 USA MkLeo
99%
2GG: Kongo Saga 2019 USA MkLeo
99%
Frostbite 2020 2020 USA MkLeo
99%
Riptide 2021 USA MkLeo
99%
Low Tide City 2021 2021 USA MkLeo
99%
Port Priority 6 2021 USA MkLeo
99%
Mainstage 2021 2021 USA MkLeo
99%
Smash World Tour 2021 Championships 2021 USA MkLeo
99%
Delfino Maza RETA 2022 2022 Mexico MkLeo
99%
GENESIS 8 2022 USA MkLeo
99%
e-Caribana 2022 Switzerland MkLeo
99%
95 Kings of Fields 2 2022 France MkLeo
99%
COLOSSEL 2022 2022 France MkLeo
99%
Smash Factor 9 2022 Mexico MkLeo
99%
Rise 'N Grind 2022 USA MkLeo
99%
Ludwig Smash Ultimate 2022 USA MkLeo
99%
GENESIS 9 2023 USA MkLeo
99%
King Con 2024 France MkLeo
99%
Let's Make Moves 2018 USA Tweek
98%
Glitch 6 2019 Japan Tweek
98%
Frostbite 2019 2019 USA Tweek
98%
GOML 2019 2019 Canada Tweek
98%
Low Tier City 7 2019 USA Tweek
98%
Glitch 8 - Missingno 2020 USA Tweek
98%
Smash Ultimate Summit 3 2021 USA Tweek
98%
Port Priority 7 2022 USA Tweek
98%
Let's Make Big Moves 2023 2023 USA Tweek
98%
Luminosity Makes BIG Moves 2024 2024 USA Tweek
98%
Get On My Level X 2024 Canada Tweek
98%
Luminosity Makes Moves Miami 2024 2024 USA Tweek
98%
Maesuma TOP 7 2022 Japan acola
97%
Kagaribi 7 2022 Japan acola
97%
The Gimvitational 2022 USA acola
97%
Maesuma TOP 9 2022 Japan acola
97%
Maesuma TOP 10 2022 Japan acola
97%
Let's Make Moves Miami 2022 USA acola
97%
JAPAN 24 2022 Japan acola
97%
Umebura SP 9 2023 Japan acola
97%
Kagaribi 9 2023 Japan acola
97%
Smash Ultimate Summit 6 2023 USA acola
97%
Maesuma TOP 12 2023 Japan acola
97%
Seibugeki 14 2023 Japan acola
97%
Super Smash Con 2023 2023 USA acola
97%
Sumaboto SP Ultimate 2023 Japan acola
97%
DELTA 5 2023 Japan acola
97%
Maesuma TOP 14.5 2023 Japan acola
97%
Umebura SP 10 2024 Japan acola
97%
DELTA 8 2024 Japan acola
97%
Sumabato Sp 52 2024 Japan acola
97%
Maesuma'TOP 1 2025 Japan acola
97%
Kagaribi 13 2025 Japan acola
97%
Smash Ultimate Summit 4 2022 USA Sparg0
96%
Collision 2022 2022 USA Sparg0
96%
Low Tide City 2022 2022 USA Sparg0
96%
Mainstage 2022 2022 USA Sparg0
96%
Scuffed World Tour 2022 USA Sparg0
96%
MAJOR UPSET 2023 USA Sparg0
96%
Kagaribi 10 2023 Japan Sparg0
96%
Battle of BC 5 2023 Canada Sparg0
96%
Smash Factor X 2023 Mexico Sparg0
96%
Delfino Maza 2023 2023 Mexico Sparg0
96%
Luminosity Makes Big Moves Miami 2023 2023 USA Sparg0
96%
Watch The Throne 2023 USA Sparg0
96%
Collision 2024 2024 USA Sparg0
96%
Supernova 2024 2024 USA Sparg0
96%
Riptide 2024 2024 USA Sparg0
96%
The Throne II 2024 USA Sparg0
96%
Don't Park on the Grass 2024 2024 USA Sparg0
96%
Luminosity Makes Big Moves 2025 2025 USA Sparg0
96%
95 Kings of Fields 5 2025 France Sparg0
96%
Kagaribi 8 2022 Japan Miya
95%
Apex 2022 2022 USA Miya
95%
APEX 2022 2022 USA Miya
95%
Seibugeki 12 2022 Japan Miya
95%
Maesuma TOP 11 2023 Japan Miya
95%
Seibugeki 13 2023 Japan Miya
95%
DELTA 4 2023 Japan Miya
95%
Maesuma TOP 13 2023 Japan Miya
95%
UltCore 2023 Japan Miya
95%
Maesuma TOP 14 2023 Japan Miya
95%
Kagaribi 11 2023 Japan Miya
95%
Rise 'N Grind 2023 2023 USA Miya
95%
Seibugeki 15 2023 Japan Miya
95%
Maesuma TOP 15 "FINAL" 2023 Japan Miya
95%
DELTA 7 2023 Japan Miya
95%
KOWLOON 9 with Sumaboto 2024 Japan Miya
95%
Sumabato SP 45 2024 Japan Miya
95%
Maesuma'U22 2024 Japan Miya
95%
Sumabato SP 46 2024 Japan Miya
95%
Maesuma'GRAND WARS 2024 Japan Miya
95%
Kagaribi 12 2024 Japan Miya
95%
Kowloon 12 with Kagaribi 2024 Japan Miya
95%
Maesuma'JAPAN West 24 2024 Japan Miya
95%
Umebura SP 11 2024 Japan Miya
95%
Cirque 4 2024 USA Miya
95%
DELTA 9 2024 Japan Miya
95%
Sumabato SP 55 2025 Japan Miya
95%
DELTA 10 2025 Japan Miya
95%
Albion 4 2019 UK Glutonny
93%
Syndicate 2019 Netherlands Glutonny
93%
Pound 2022 2022 USA Glutonny
93%
King Of Fields 95 #3 2023 France Glutonny
93%
Tera 2023 France Glutonny
93%
Ultimate Fighting Arena 2023 2023 France Glutonny
93%
UltCore Second 2024 Japan Glutonny
93%
Regen 2024 2024 UK Glutonny
93%
Battle of BC 7 2025 Canada Glutonny
93%
CEO 2021 2021 USA Kola
93%
Shine 2022 2022 USA Kola
93%
Luminosity Invitational 2: Back to School 2024 USA Kola
93%
CEO 2022 2022 USA Sonix
93%
Get On My Level 2023 2023 Canada Sonix
93%
Port Priority 8 2023 USA Sonix
93%
The Coinbox IRL 2023 USA Sonix
93%
MomoCon 2025 2025 USA BeastModePaul
91%
The Big House 10 2022 USA Riddles
91%
Collision 2023 2023 USA Riddles
91%
Super Smash Con: Fall Fest 2021 USA Light
90%
MomoCon 2022 2022 USA Light
90%
Glitch - Regen 2022 USA Light
90%
LVL UP EXPO 2023 2023 USA Light
90%
Litvitational 2 2024 USA Light
90%
Litvitational 3 2024 USA Light
90%
Get On My Level 2022 2022 Canada Onin
89%
Super Smash Con 2022 2022 USA Onin
89%
KOWLOON 16 2025 Japan Onin
89%
Collision 2019 2019 USA Marss
88%
Smash Factor 8 2019 Mexico Marss
88%
DreamHack Atlanta 2019 2019 USA Marss
88%
GENESIS 7 2020 USA Marss
88%
Lost Tech City 2022 2022 USA Marss
88%
Battle of BC 6 2024 Japan Hurt
87%
Sumabato SP 48 2024 Japan Hurt
87%
UltCore Third 2024 Japan Hurt
87%
Smash Awesome! 2024 Japan Hurt
87%
GENESIS X2 2025 USA Hurt
87%
Suplex City Smash 2019 USA Nairo
87%
Mainstage 2019 USA Nairo
87%
Let's Make Big Moves 2020 USA Nairo
87%
Crown the Third 2023 USA Zomba
87%
GENESIS X 2024 USA Zomba
87%
Umebura SP 2018 Japan Shuton
84%
2GG: Prime Saga 2019 USA Shuton
84%
Sumabato SP 5 2019 Japan Shuton
84%
Umebura SP 5 2019 Japan Shuton
84%
EVO Japan 2020 2020 Japan Shuton
84%
Wave 2 2022 Japan Shuton
84%
KOWLOON 5 2023 Japan Shuton
84%
Wave 4 2023 Japan Shuton
84%
DELTA 8.5 2024 Japan Shuton
84%
Seibugeki 18 2025 Japan Shuton
84%
Umebura SP 2 2019 Japan Zackray
84%
EGS Cup 2 2019 Japan Zackray
84%
The Big House 9 2019 USA Zackray
84%
Umebura SP 7 2019 Japan Zackray
84%
EGS Cup 3 2020 Japan Zackray
84%
Kagaribi 5 2021 USA Zackray
84%
Kagaribi 6 2022 Japan Zackray
84%
Ultimate WANTED 4 2022 France Zackray
84%
Thunder Smash 3: Clash of the Pandas 2019 USA Tea
82%
Kagaribi 3 2021 Japan Tea
82%
Temple: Hermès. Edition 2021 France Tea
82%
Crown 2 2022 USA Tea
82%
L'Odyssée 2022 France Tea
82%
Ultimate Fighting Arena 2022 2022 France Tea
82%
WINNER! -NEXT #1- 2022 Japan Tea
82%
Sumabato SP 49 2024 Japan Doramigi
80%
Sumabato SP 54 2024 Japan Doramigi
80%
LVL UP EXPO 2025 2025 USA Doramigi
80%
OH-BAI-TOH-RI 2 2025 Japan Maister
78%
Kagaribi 4 2021 Japan ProtoBanham
78%
Seibugeki 8 2021 Japan ProtoBanham
78%
Maesuma TOP 6 2021 Japan ProtoBanham
78%
Eastern Powerhouse Invitational 2 2021 Japan ProtoBanham
78%
Double Down 2022 2022 USA ProtoBanham
78%
Smash Ultimate Summit 5 2022 USA ProtoBanham
78%
Sumabato SP 47 2024 Japan Raru
78%
Sumabato SP 50 2024 Japan Raru
78%
UltCore Fourth 2024 Japan Raru
78%
Sumabato SP 56 2025 Japan Raru
78%
Glitch 7 - Minus World 2019 USA ESAM
76%
Glitch 8.5 - Konami Code 2021 USA ESAM
76%
Sumabato SP 6 2019 Japan KEN
76%
Battle of BC 4 2022 Canada KEN
76%
Cirque Du CFL 3 2024 USA SHADIC
73%
Luminosity Invitational 2024 USA SHADIC
73%
Smash Factor 11 2024 Mexico ShinyMark
73%
Ultimate Fighting Arena 2024 2024 France Crêpe salée
71%
gamescon LAN x CGN Open 2025 Germany Crêpe salée
71%
Cavalier Clash 6 2025 USA Syrup
71%
Defend the North 2019 2019 USA Samsora
68%
Shine 2019 2019 USA Samsora
68%
GSM 2024 France Lima
67%
Patchwork 2024 2024 USA MuteAce
67%
Glitch - Infinite 2022 USA Cosmos
65%
Let's Make Big Moves 2022 2022 USA Quidd
64%
Pound 2019 2019 USA Ally
62%
Sumabato SP 51 2024 Japan Asimo
59%
KOWLOON 15 2025 Japan Asimo
59%
Umebura Japan Major 2019 2019 Japan Kameme
57%
2GG: SwitchFest 2019 2019 USA kameme
57%
VCA Vienna Challengers Arena 2022 2022 Austria Bloom4Eva
55%
Sumabato SP 57 2025 Japan Carmelo
53%
Sumabato SP 58 2025 Japan Rarikkusu
52%
Maesuma TOP 8 2022 Japan Yoshidora
46%
Umebura 2019 2019 Japan Abadango
42%
Sumabato SP 53 2024 Japan Raki
36%
Grand Slum 17 2025 Japan Masha
35%
Seibugeki 17 2024 Japan Tama P Daifuku
34%
Umebura SP 3 2019 Japan Nietono
23%
Umebura SP 6 2019 Japan Kuro
15%
No matching quizzes found
Score Distribution
Percent of People with Each Score
Percentile by Number Answered
Your Score History
You have not taken this quiz since the last reset